Most Subscribed Twitch Streamers Of All Time - Statistics

General Stats
  • This quiz has been taken 72 times
  • The average score is 5 of 25
Answer Stats
# Genre Subscribers Answer % Correct
4 Fortnite 269,154 Ninja
87%
1 Gaming 728,535 Kai Cenat
79%
2 VTuber 326,252 Ironmouse
44%
5 Rainbow Six Siege 179,543 Jynxzi
32%
12 Gaming 102,288 xQc
32%
3 Gaming 283.066 Ludwig
31%
25 Fortnite 69,586 Tfue
28%
17 Gaming 81,405 Caseoh
26%
13 Valorant 101,588 Shroud
24%
22 Just Chatting 71,318 Adin Ross
13%
7 Gaming 136,115 Ibai
12%
10 Just Chatting 104,615 Jasontheween
9%
18 Just Chatting 81,115 plaqueboymax
7%
16 Just Chatting 85,125 HasanAbi
6%
6 Dungeons and Dragons 139,559 Critical Role
4%
14 Counterstrike 2 94,941 Summit1G
4%
15 Fortnite 88,585 TheGrefG
4%
24 Counterstrike 70,420 Anomaly
3%
11 Counterstrike 102,857 Gaules
1%
20 Valorant 73,623 kkatamina
1%
19 Gaming 80,402 NICKMERCS
1%
21 Legend of Zelda 72,533 PointCrow
1%
8 Minecraft 116,870 Ranboo
1%
9 GTA V 113,628 Shlorox
1%
23 Just Chatting 70,656 Turnblurr
0%
No matching quizzes found
Score Distribution
Percent of People with Each Score
Percentile by Number Answered
Your Score History
You have not taken this quiz